00836 2200193 4500001002100000005001500021035002000036008004100056245005900097100002200156250000600178260002900184300001200213084001400225082000800239650001000247520037300257990001200630INLIS00000000000105220240527102445 a0010-0524000287240527 1 ind 1 aCinta. (Baca; Cinta Dengan Titik ) /cBernard Batubara aBatubara, Bernard a1 aJakarta :bBukune,c2013 a318 hlm a813 BER c a813 4aFiksi aMengapa cinta membuatku mencintaimu, ketika pada saat yang sama kau mencintai orang yang bukan aku?Ketika telah membuka hati, aku pun harus bersiap kehilangan lagi. Apakah setelah cinta memang harus selau ada air mata dan luka hati? Kalau begitu, bagaimana jika kita bicarakan satu hal saja. Cinta. Tanpa ada yang lain setelahnya. Kita lihat ke mana arahnya bermuara. a0744030